| 000 | 00675nam a2200217 i 4500 | ||
|---|---|---|---|
| 001 | 136764 | ||
| 003 | ES-MaACL | ||
| 005 | 20250713063713.0 | ||
| 007 | t| | ||
| 008 | 070214s1968 sp r ||||1| cat d | ||
| 100 | 1 |
_aSagarra, Josep M. de, _d1894-1961 _9101415 |
|
| 245 | 1 | 0 |
_aVerdaguer, poeta de Catalunya / _cJosep M. de Sagarra. |
| 250 | _a1ยช. ed. | ||
| 260 |
_aBarcelona : _bProa, _c1968 ( _fProa Tip. Catalana) |
||
| 300 |
_a152 p. ; _c19 cm. |
||
| 490 | 1 | _aCol.leccio "La Mirada" | |
| 600 | 1 | 4 |
_aVerdaguer, Jacint, _d1845-1902 _9113998 |
| 830 | 0 |
_aCol.leccio "La Mirada" _9220037 |
|
| 852 |
_aES-MaACL _jC-51591 _bR.65836 |
||
| 999 |
_c136764 _d136764 |
||